<?xml version="1.0" encoding="UTF-8"?><?xml-stylesheet type="text/xsl" href="static/style.xsl"?><OAI-PMH xmlns="http://www.openarchives.org/OAI/2.0/" xmlns:xsi="http://www.w3.org/2001/XMLSchema-instance" xsi:schemaLocation="http://www.openarchives.org/OAI/2.0/ http://www.openarchives.org/OAI/2.0/OAI-PMH.xsd"><responseDate>2026-04-17T16:27:50Z</responseDate><request verb="GetRecord" identifier="oai:riubu.ubu.es:10259/9246" metadataPrefix="marc">https://riubu.ubu.es/oai/request</request><GetRecord><record><header><identifier>oai:riubu.ubu.es:10259/9246</identifier><datestamp>2024-06-13T00:05:19Z</datestamp><setSpec>com_10259_4204</setSpec><setSpec>com_10259_5086</setSpec><setSpec>com_10259_2604</setSpec><setSpec>com_10259_4839</setSpec><setSpec>com_10259_4216</setSpec><setSpec>com_10259_3808</setSpec><setSpec>com_10259.4_106</setSpec><setSpec>col_10259_5373</setSpec><setSpec>col_10259_4840</setSpec><setSpec>col_10259_9245</setSpec></header><metadata><record xmlns="http://www.loc.gov/MARC21/slim" xmlns:doc="http://www.lyncode.com/xoai" xmlns:xsi="http://www.w3.org/2001/XMLSchema-instance" xmlns:dcterms="http://purl.org/dc/terms/" xsi:schemaLocation="http://www.loc.gov/MARC21/slim http://www.loc.gov/standards/marcxml/schema/MARC21slim.xsd">
<leader>00925njm 22002777a 4500</leader>
<datafield tag="042" ind1=" " ind2=" ">
<subfield code="a">dc</subfield>
</datafield>
<datafield tag="720" ind1=" " ind2=" ">
<subfield code="a">Sipone, Silvia</subfield>
<subfield code="e">author</subfield>
</datafield>
<datafield tag="720" ind1=" " ind2=" ">
<subfield code="a">Abella García, Víctor</subfield>
<subfield code="e">author</subfield>
</datafield>
<datafield tag="720" ind1=" " ind2=" ">
<subfield code="a">Rojo Arce, Marta</subfield>
<subfield code="e">author</subfield>
</datafield>
<datafield tag="720" ind1=" " ind2=" ">
<subfield code="a">Moura Berodia, José Luis</subfield>
<subfield code="e">author</subfield>
</datafield>
<datafield tag="260" ind1=" " ind2=" ">
<subfield code="c">2023-05-08</subfield>
</datafield>
<datafield tag="520" ind1=" " ind2=" ">
<subfield code="a">The concept of sustainable mobility is related to the fulfilment of certain conditions that consider environmental, economic and social factors when making decisions on transport activity. The recognition of the role of education as a key factor for sustainable development and sustainable mobility has been growing. Therefore, the development of training schemes aimed at sustainable mobility education as a tool for a better future for the generations to come is of fundamental importance. This study analyses the factors affecting the adoption of the ClassCraft platform in activities related to sustainable mobility. The proposed experience involved children aged 10–11 years old, a total of 75 pupils. This experience was the basis for analyzing the pupils' perception of the gamification-based methodology. A mixed method has been used, combining qualitative results from a Focus Group (FG) with 6 students, and quantitative results through a questionnaire based on the Technology Acceptance Model (TAM) with all the 75 students. The results reflect that all students consider this methodology as an opportunity for a change in the school experience to make classroom activities more enjoyable. Our research contributes to the application of a mixed methods approach that addresses an educational challenge, considering the voice of the children when applying new teaching–learning strategies.</subfield>
</datafield>
<datafield tag="024" ind2=" " ind1="8">
<subfield code="a">1360-2357</subfield>
</datafield>
<datafield tag="024" ind2=" " ind1="8">
<subfield code="a">http://hdl.handle.net/10259/9246</subfield>
</datafield>
<datafield tag="024" ind2=" " ind1="8">
<subfield code="a">10.1007/s10639-023-11851-0</subfield>
</datafield>
<datafield tag="024" ind2=" " ind1="8">
<subfield code="a">1573-7608</subfield>
</datafield>
<datafield ind1=" " ind2=" " tag="653">
<subfield code="a">Sustainable mobility</subfield>
</datafield>
<datafield ind1=" " ind2=" " tag="653">
<subfield code="a">Gamification</subfield>
</datafield>
<datafield ind1=" " ind2=" " tag="653">
<subfield code="a">Technological Acceptance Model</subfield>
</datafield>
<datafield ind1=" " ind2=" " tag="653">
<subfield code="a">Mixed method</subfield>
</datafield>
<datafield ind1=" " ind2=" " tag="653">
<subfield code="a">Primary education</subfield>
</datafield>
<datafield tag="245" ind1="0" ind2="0">
<subfield code="a">Sustainable mobility learning: Technological acceptance model for gamified experience with ClassCraft in primary school</subfield>
</datafield>
</record></metadata></record></GetRecord></OAI-PMH>